000 01073cam a22003137a 4500
003 CHAP
005 20220906114948.0
008 971013s1969 r 00010 d
010 _a44697
011 _a45669
035 _a49808
040 _cCHAP
082 _a338.17475
_bS3
100 0 0 _aSalas Villagómez, Manuel.
_9101338
245 1 3 _aLa fresa y el desarrollo agrícola de la zona de Zamora
260 _aMéxico. D.F. :
_bBanco Nacional Agropecuario,
_c1969
300 _a127 h.
590 _aBATCH-UPD
_b10
_c20130110
_lUCH01
_h0935
590 _aBATCH-UPD
_b10
_c20130410
_lUCH01
_h0553
590 _aBATCH-UPD
_b10
_c20130914
_lUCH01
_h1436
590 _aCONVERSION
_b10
_c20130109
_lUCH01
_h1325
650 1 7 _aFresas
_2
_943185
650 1 4 _aFresa
_xAspectos económicos.
_943189
901 _aBK
942 _cLIBRO
949 _a338.17475 S3
_bBC
_cLIBRO
_d33724000154118
_eLIBRO
_fc.2
_h42693
_i49808
_si
949 _a338.17475 S3
_bBC
_cLIBRO
_d33724000154241
_eLIBRO
_fc.3
_h44536
_i49808
_si
949 _a338.17475 S3
_bBC
_cLIBRO
_d33724000936761
_eLIBRO
_h33278
_i49808
_si
999 _c44697
_d44697